Music Quiz

Random Music or Rock Quiz

Musical Words in Song Titles Quiz Stats

 Plays Quiz Updated Jul 12, 2018

Challenge
Share
Tweet
Embed
Score 0/15 Timer 03:00
2 Plays Today
% Correct
Rhapsody
96.1%
Piano
92.8%
Bell
91.2%
Bass
89.8%
Drums
88.3%
Symphony
87.3%
Tambourine
85.3%
Guitar
85.2%
% Correct
Banjos
83.7%
Triangle
81.5%
Rest
72.9%
Strings
72.6%
Brass
64%
Fiddle
53.5%
Clarinet
48.1%

You're not logged in!

Compare scores with friends on all Sporcle quizzes.
OR
Log In

You Might Also Like...

Show Comments

Extras

Top Quizzes Today


Score Distribution

Your Account Isn't Verified!

In order to create a playlist on Sporcle, you need to verify the email address you used during registration. Go to your Sporcle Settings to finish the process.

Report this User

Report this user for behavior that violates our Community Guidelines.

Details: